Katalog der deutschvolkischen Bundesmarken bis 1914 (Record no. 2033)

000 -LEADER
fixed length control field 00347nam a22000977a 4500
008 - FIXED-LENGTH DATA ELEMENTS--GENERAL INFORMATION
fixed length control field 160603b xxu||||| |||| 00| 0 eng d
100 ## - MAIN ENTRY--AUTHOR'S NAME
Author's Name Schonweiss, W.
245 ## - TITLE STATEMENT
Title Katalog der deutschvolkischen Bundesmarken bis 1914
260 ## - PUBLICATION, DISTRIBUTION, ETC. (IMPRINT)
Place of publication, distribution, etc. Icking, Germany
Name of publisher, distributor, etc. OTA-Verlag
Date of publication, distribution, etc. 1983
650 ## - TOPICAL TERM (Tag)
Topical term or geographic name Germany | Cinderella Material | Seals and Labels | Catalogs and Price Lists
Holdings
Withdrawn status Lost status Source of classification or shelving scheme Damaged status Koha normalized classification for sorting Not for loan Permanent Location Current Location Date acquired Total Checkouts Full call number Barcode Date last seen Price effective from
        G6081 C574 S371   Northern Philatelic Library Northern Philatelic Library 06/03/2016   G6081 C574 S371 1002364 06/03/2016 06/03/2016

Powered by Koha